miasta na podkarpaciu (polska) - Statystyki

Ogólne statystyki
  • Ten quiz został rozwiązany 8 razy
  • Średni wynik to 30 z 54
Statystyki odpowiedzi
nr. liczba ludności Odpowiedź % Poprawnych
1 197 268 Rzeszów
100%
7 42 986 Dębica
83%
26 5997 Dynów
83%
8 35 298 Jarosław
83%
20 8495 Kolbuszowa
83%
5 44 060 Krosno
83%
11 17 703 Łańcut
83%
2 56 972 Mielec
83%
14 14 477 Nisko
83%
30 4994 Pilzno
83%
3 56 050 Przemyśl
83%
13 14 523 Przeworsk
83%
12 15 794 Ropczyce
83%
9 34 345 Sanok
83%
4 55 127 Stalowa Wola
83%
6 43 712 Tarnobrzeg
83%
21 8410 Ustrzyki Dolne
83%
25 6291 Boguchwała
67%
23 7158 Brzozów
67%
45 1971 Dukla
67%
48 1540 Iwonicz-Zdrój
67%
10 32 727 Jasło
67%
15 12 697 Leżajsk
67%
36 3545 Rymanów
67%
16 12 368 Sędziszów Małopolski
67%
49 1395 Baranów Sandomierski
50%
27 5530 Jedlicze
50%
51 1359 Kołaczyce
50%
29 5098 Lesko
50%
19 10 381 Nowa Dęba
50%
46 1820 Przecław
50%
34 4346 Sokołów Małopolski
50%
22 8402 Strzyżów
50%
53 986 Bircza
33%
42 2096 Błażowa
33%
41 2688 Brzostek
33%
47 1815 Cieszanów
33%
54 801 Dubiecko
33%
18 10 583 Głogów Małopolski
33%
17 11 313 Lubaczów
33%
44 1979 Narol
33%
28 5357 Nowa Sarzyna
33%
39 2816 Oleszyce
33%
37 3409 Radomyśl Wielki
33%
31` 4935 Radymno
33%
24 6375 Rudnik nad Sanem
33%
50 1368 Ulanów
33%
32 4913 Zagórz
33%
40 2780 Zaklików
33%
52 1140 Jawornik Polski
17%
38 2900 Kańczuga
17%
35 3625 Pruchnik
17%
43 2007 Sieniawa
17%
33 4562 Tyczyn
17%
Nie znaleziono quizów pasujących do podanych kryteriów
Rozkład punktacji
Procent ludzi z każdym wynikiem
Percentyl według liczby udzielonych odpowiedzi
Twoja historia wyników
Nie rozwiązałeś tego quizu